|
|
|
|
| LEADER |
02935nam a2200433 a 4500 |
| 001 |
13893 |
| 003 |
BD-DhAAL |
| 008 |
091014r20082002njua b 001 0 eng d |
| 010 |
|
|
|a 2002279109
|
| 020 |
|
|
|a 0071148116
|
| 020 |
|
|
|a 8120323815
|
| 020 |
|
|
|a 0130422320
|
| 020 |
|
|
|a 9788131731864
|
| 040 |
|
|
|a DLC
|c DLC
|d DLC
|d BD-DhAAL
|
| 082 |
0 |
0 |
|a 621.382
|2 21
|
| 100 |
1 |
|
|a Rappaport, Theodore S.,
|d 1960-
|9 45011
|
| 245 |
1 |
0 |
|a Wireless communications :
|b principles and practice /
|c Theodore S. Rappaport.
|
| 250 |
|
|
|a Second edition.
|
| 260 |
|
|
|a New Delhi :
|b Prentice Hall ;
|b Pearson,
|c c2002 [reprinted 2005, 2008],
|c c2010.
|
| 300 |
|
|
|a xxiii, 707 pages,
|a xxiii, 709 pages :
|b illustrations ;
|c 25 cm
|
| 490 |
0 |
|
|a Prentice Hall communications engineering and emerging technologies series
|
| 504 |
|
|
|a Includes bibliographical references and index.
|
| 541 |
1 |
|
|e 13893, 13894, 19353, 19354, 20566, 20567, 27824, 27825, 27826
|
| 650 |
|
0 |
|a Wireless communication systems.
|9 45012
|
| 650 |
|
0 |
|a Mobile communication systems.
|9 45013
|
| 650 |
|
0 |
|a Telecommunication systems.
|9 45014
|
| 830 |
|
|
|a Prentice Hall communications engineering and emerging technologies series
|9 57243
|
| 852 |
4 |
|
|a Ayesha Abed Library
|
| 942 |
|
|
|2 ddc
|c BK
|
| 999 |
|
|
|c 4560
|d 4560
|
| 952 |
|
|
|0 0
|1 0
|2 ddc
|4 0
|6 621_382000000000000_RAP
|7 0
|9 4324
|a BRACUL
|b BRACUL
|c GEN
|d 2009-10-14
|g 350.00
|l 10
|m 91
|o 621.382 RAP
|p 3010019353
|r 2026-01-12
|s 2025-12-28
|t 3
|v 700.00
|w 2009-10-14
|y BK
|
| 952 |
|
|
|0 0
|1 0
|2 ddc
|4 0
|6 621_382000000000000_RAP_2008
|7 0
|9 4325
|a BRACUL
|b BRACUL
|c GEN
|d 2009-10-14
|g 350.00
|l 5
|m 35
|o 621.382 RAP
|p 3010019354
|r 2019-12-21
|s 2019-09-19
|t 4
|v 700.00
|w 2009-10-14
|y BK
|
| 952 |
|
|
|0 0
|1 0
|2 ddc
|4 0
|6 621_382000000000000_RAP_2005
|7 0
|9 9340
|a BRACUL
|b BRACUL
|c GEN
|d 2010-04-20
|l 11
|m 112
|o 621.382 RAP
|p 3010013893
|r 2025-12-22
|s 2025-11-05
|t 1
|w 2010-04-20
|y BK
|
| 952 |
|
|
|0 0
|1 0
|2 ddc
|4 0
|6 621_382000000000000_RAP
|7 0
|9 11037
|a BRACUL
|b BRACUL
|c GEN
|d 2010-06-16
|l 2
|m 8
|o 621.382 RAP
|p 3010013894
|r 2026-02-05
|s 2025-10-08
|t 2
|w 2010-06-16
|y BK
|
| 952 |
|
|
|0 0
|1 0
|2 ddc
|4 0
|6 621_382000000000000_RAP_2010
|7 0
|9 11443
|a BRACUL
|b BRACUL
|c GEN
|d 2010-07-03
|l 4
|m 64
|o 621.382 RAP
|p 3010020566
|r 2026-01-12
|s 2025-11-09
|t 5
|w 2010-07-03
|y BK
|
| 952 |
|
|
|0 0
|1 0
|2 ddc
|4 0
|6 621_382000000000000_RAP_2010
|7 0
|9 11444
|a BRACUL
|b BRACUL
|c GEN
|d 2010-07-03
|l 4
|m 44
|o 621.382 RAP
|p 3010020567
|r 2016-04-20
|s 2016-01-13
|t 6
|w 2010-07-03
|y BK
|
| 952 |
|
|
|0 0
|1 0
|2 ddc
|4 0
|6 621_382000000000000_RAP
|7 0
|9 23822
|a BRACUL
|b BRACUL
|c GEN
|d 2014-01-13
|e Paragon Enterprise
|g 798.00
|l 7
|m 64
|o 621.382 RAP
|p 3010027824
|r 2026-02-18
|s 2025-10-13
|t 7
|w 2014-01-13
|y BK
|
| 952 |
|
|
|0 0
|1 0
|2 ddc
|4 0
|6 621_382000000000000_RAP
|7 0
|9 23823
|a BRACUL
|b BRACUL
|c GEN
|d 2014-01-13
|e Paragon Enterprise
|g 798.00
|l 7
|m 50
|o 621.382 RAP
|p 3010027825
|r 2026-01-31
|s 2025-10-13
|t 8
|w 2014-01-13
|y BK
|
| 952 |
|
|
|0 0
|1 0
|2 ddc
|4 0
|6 621_382000000000000_RAP
|7 0
|9 23824
|a BRACUL
|b BRACUL
|c GEN
|d 2014-01-13
|e Paragon Enterprise
|g 798.00
|l 6
|m 94
|o 621.382 RAP
|p 3010027826
|r 2026-01-18
|s 2025-10-18
|t 9
|w 2014-01-13
|y BK
|